000
00326nam a2200133Ia 4500
008
211112s9999 xx 000 0 und d
020
_a
8174505504
082
_b
SUH-I
100
_a
SUHAS PALSHIKAR
245
0
_a
INDIAN CONSTITUTION AT WORK
260
_a
DONATED BY V.C. SIR
_b
N.C.E.R.T.
_c
2014
300
_a
242
942
_c
DB
999
_c
33515
_d
33515